Political theories of the Middle Age / (Record no. 35908)
[ view plain ]
| 000 -LEADER | |
|---|---|
| fixed length control field | 01056cam a22002891a 4500 |
| 001 - CONTROL NUMBER | |
| control field | 35908 |
| 003 - CONTROL NUMBER IDENTIFIER | |
| rucl marc code | BD-RjUL |
| 005 - DATE AND TIME OF LATEST TRANSACTION | |
| control field | 20211209052411.0 |
| 008 - FIXED-LENGTH DATA ELEMENTS--GENERAL INFORMATION | |
| fixed length control field | 140611r19581900mau b 000 0 eng |
| 035 ## - SYSTEM CONTROL NUMBER | |
| System control number | (BD-RjUL)36004 |
| System control number | (OCoLC)739377 |
| 040 ## - CATALOGING SOURCE | |
| Original cataloging agency | DLC |
| Transcribing agency | OYU |
| Modifying agency | BD-RjUL |
| Language of cataloging | eng |
| 041 1# - LANGUAGE CODE | |
| Language code of text/sound track or separate title | eng |
| Language code of original | ger |
| 082 ## - DEWEY DECIMAL CLASSIFICATION NUMBER | |
| Classification number | 320.509 |
| Author mark and year | GIP 1958 |
| 100 1# - MAIN ENTRY--PERSONAL NAME | |
| Personal name | Gierke, Otto Friedrich von, |
| Dates associated with a name | 1841-1921. |
| 9 (RLIN) | 17038 |
| 245 10 - TITLE STATEMENT | |
| Title | Political theories of the Middle Age / |
| Statement of responsibility, etc. | by Otto Gierke ; translated with an introduction by Frederic William Maitland. |
| 260 ## - PUBLICATION, DISTRIBUTION, ETC. (IMPRINT) | |
| Place of publication, distribution, etc. | Boston : |
| Name of publisher, distributor, etc. | Beacon Press, |
| Date of publication, distribution, etc. | 1900 [Reprinted 1958]. |
| 300 ## - PHYSICAL DESCRIPTION | |
| Pagination | lxxx, 197 p. ; |
| Size | 21 cm. |
| 500 ## - GENERAL NOTE | |
| General note | Translation of: Die publicistischen Lehren des Mittelalters, a section of v. 3 of Das deutsche Genossenschaftsrecht. |
| 504 ## - BIBLIOGRAPHY, ETC. NOTE | |
| Bibliography, etc | Bibliography: p. [lxiii]-lxxvii. |
| 650 #0 - SUBJECT ADDED ENTRY--TOPICAL TERM | |
| Topical term or geographic name as entry element | Political science |
| General subdivision | History. |
| 9 (RLIN) | 109337 |
| Topical term or geographic name as entry element | Civilization, Medieval. |
| 9 (RLIN) | 109338 |
| 942 ## - ADDED ENTRY ELEMENTS (KOHA) | |
| Source of classification or shelving scheme | Dewey Decimal Classification |
| Koha item type | Books |
| Lost status | Source of classification or shelving scheme | Damaged status | Not for loan | Collection code | Permanent Location | Current Location | Shelving location | Date acquired | Source of acquisition | Cost, normal purchase price | Total Checkouts | Full call number | Date last seen | Copy number | Koha item type |
|---|---|---|---|---|---|---|---|---|---|---|---|---|---|---|---|
| Dewey Decimal Classification | Non-fiction | Central Library, University of Rajshahi | Central Library, University of Rajshahi | 03/12/1965 | Zeitlinger | 42.00 | 320.509 GIP 1958 | 11/06/2014 | C-8 | Books | |||||
| Dewey Decimal Classification | Non-fiction | Central Library, University of Rajshahi | Central Library, University of Rajshahi | 12/01/1965 | zeetlinger | 35.00 | 320.509 GIP 1958 | 11/06/2014 | C-2 | Books | |||||
| Dewey Decimal Classification | Non-fiction | Central Library, University of Rajshahi | Central Library, University of Rajshahi | 31/03/1967 | PAK.AMERICAN COMMERIAL | 4.75 | 320.509 GIP 1958 | 11/06/2014 | C-10 | Books | |||||
| Dewey Decimal Classification | Non-fiction | Central Library, University of Rajshahi | Central Library, University of Rajshahi | 03/12/1965 | Zeitlinger | 42.00 | 320.509 GIP 1958 | 11/06/2014 | C-9 | Books | |||||
| Dewey Decimal Classification | Non-fiction | Central Library, University of Rajshahi | Central Library, University of Rajshahi | 03/12/1965 | Zeitlinger | 42.00 | 320.509 GIP 1958 | 11/06/2014 | C-7 | Books | |||||
| Dewey Decimal Classification | Non-fiction | Central Library, University of Rajshahi | Central Library, University of Rajshahi | 03/12/1965 | Zeit | 42.00 | 320.509 GIP 1958 | 12/06/2014 | C-5 | Books | |||||
| Dewey Decimal Classification | Not For Loan | Non-fiction | Central Library, University of Rajshahi | Central Library, University of Rajshahi | 03/12/1965 | Zeit | 42.00 | 320.509 GIP 1958 | 12/06/2014 | C-1 | Books | ||||
| Dewey Decimal Classification | Non-fiction | Central Library, University of Rajshahi | Central Library, University of Rajshahi | 03/12/1965 | Zeit | 42.00 | 320.509 GIP 1958 | 12/06/2014 | C-4 | Books | |||||
| Dewey Decimal Classification | Non-fiction | Central Library, University of Rajshahi | Central Library, University of Rajshahi | 03/12/1965 | Zeit | 42.00 | 320.509 GIP 1958 | 12/06/2014 | C-3 | Books | |||||
| Dewey Decimal Classification | Non-fiction | Central Library, University of Rajshahi | Central Library, University of Rajshahi | 03/12/1965 | Zeitlinger | 42.00 | 320.509 GIP 1958 | 12/06/2014 | C-6 | Books |